000 00244nam a2200097Ia 4500
001 702934
005 20250826162342.0
008 250824s9999 xx 000 0 und d
245 0 _aYOKSA SEN MİSİN?
_cGÜLTEN DAYIOĞLU
260 _bALTIN KİTAPLAR
999 _c702934
_d702934